| 000 | 00442nam a2200157Ia 4500 | ||
|---|---|---|---|
| 008 | 160316s1994 xxu||||| |||| 00| 0 eng d | ||
| 082 |
_a370.000000 _bUNE |
||
| 100 | _a | ||
| 245 | _aEducation for all summit of nine high-population countries:Final report | ||
| 250 | _a | ||
| 260 |
_aBangadesh _bUNESCO _c1994 |
||
| 300 |
_a88 _b _c |
||
| 365 | _b | ||
| 650 | _a1. Education for all 2. girls - womens - education - children | ||
| 700 |
_a _a |
||
| 999 |
_c35698 _d35698 |
||